| 000 | 00404cam a22001337a 4500 | ||
|---|---|---|---|
| 008 | 180718b1943 xxu||||| |||| 00| 0 eng d | ||
| 082 | _aT123 N213c | ||
| 245 |
_aCost behavior and price policy _cby National Bureau of Economic Research, U.S.A. |
||
| 260 |
_aNew York _bNational Bureau of Economic Research _c1943 |
||
| 300 | _a353p. | ||
| 650 | _aCost policy | ||
| 650 | _aCost behavior | ||
| 700 | _aU.S.A. | ||
| 999 |
_c480742 _d480742 |
||